000
00314nam a22001337a 4500
003
MPLRDC
005
20220104184756.0
008
210129b ||||| |||| 00| 0 eng d
082
_a
DISC
100
_a
金英爱
245
_a
韩语单字轻松记 (MP3版) --1 DISC
_c
650
_a
韩语
942
_c
CDA
_o
DISC
999
_c
63029
_d
63019